Normal view
MARC view
- Quaid-i- Azam
Entry Topical Term
001 - CONTROL NUMBER
- control field: 108479
003 - CONTROL NUMBER IDENTIFIER
- control field: NUST
005 - DATE AND TIME OF LATEST TRANSACTION
- control field: 20230202125707.0
008 - FIXED-LENGTH DATA ELEMENTS
- fixed length control field: 230202|| aca||aabn | a|a d
040 ## - CATALOGING SOURCE
- Original cataloging agency: NUST
- Transcribing agency: NUST
150 ## - HEADING--TOPICAL TERM
- Topical term or geographic name entry element: Quaid-i- Azam
670 ## - SOURCE DATA FOUND
- Source citation: Work cat.: (NUST)187329: Quaid-i-Azam Mohammad Ali jinnah The Nation's Voice Towards (Vol-I to Vol-VII) /, 1992
